000 01454cam a22003857a 4500
001 6092
003 FISKH
005 20250310142317.0
008 090401s2008 nyuab j 000 1 eng d
010 _a 2009277327
020 _a9780545053808
020 _a0545053803
035 _a(OCoLC)ocn225871199
040 _aBTCTA
_cBTCTA
_dBAKER
_dSO$
_dUPZ
_dLEO
_dCN5O8
_dDLC
_beng
050 _aPZ7.S8805 F
082 _a823.92
100 1 _aStone, Rex
245 1 0 _aFlight of the quetzalcoatlus /
_cby Rex Stone ; illustrated by Mike Spoor
250 _aThis edition first published in 2008
260 _aNew York :
_bScholastic,
_c2008.
300 _a63 pages :
_billustrations ;
_c20 cm.
505 _aP
520 _aTom and Jamie are on a rescue mission: a quetzalcoatlus has dino-napped their friend the wannanosaurus. With a wingspan of 40 feet, the quetzalcoatlus is a high flier--and a fast one. Tracking Wanna won't be easy, but Tom and Jamie have a plan.
521 8 _a620
_bLexile
521 8 _aP
_bRaz-Plus
650 0 _aPterodactyls
_vJuvenile fiction.
650 0 _aDinosaurs
_vJuvenile fiction.
650 0 _aBoys
_vJuvenile fiction.
700 1 _aSpoor, Mike
_dillustrator
800 1 _aStone, Rex.
_tDinosaur Cove ;
_v4.
856 4 2 _3Publisher description
_uhttp://www.loc.gov/catdir/enhancements/fy1116/2009277327-d.html
906 _a7
_bcbc
_ccopycat
_d2
_encip
_f20
_gy-gencatlg
942 _2ddc
_cBK
_n0
999 _c6092
_d6092